US States With Tons of Neighbors! Quiz Stats

 Plays Quiz Updated Mar 29, 2019

Score 0/20 Timer 03:00
0 Plays Today
Neighbor Population State % Correct
51,713,472Nevada
91.1%
35,131,497Ohio
86.6%
47,814,745Oregon
86.6%
48,196,214Pennsylvania
85.8%
49,423,740Arizona
85.7%
43,512,498Oklahoma
84.3%
33,031,342New Jersey
83.4%
43,485,057Georgia
82.3%
38,736,894Indiana
80.9%
42,874,450New Mexico
80.4%
Neighbor Population State % Correct
47,944,532Tennessee
79.3%
52,862,368Kentucky
78.9%
32,046,141New York
78%
37,720,498Missouri
74.6%
48,197,258Arkansas
72.2%
37,615,430Alabama
70.1%
30,623,748Louisiana
69.1%
42,043,593West Virginia
66.7%
32,427,979Iowa
65.5%
31,154,206Wisconsin
55.6%

You're not logged in!

Compare scores with friends on all Sporcle quizzes.
OR
Log In

Sporcle TV

Today on Sporcle TV


Watch our educational content, quiz creation guides, and fun videos on Sporcle TV.

Show Comments

Extras

Top Quizzes Today


Score Distribution

Your Account Isn't Verified!

In order to create a playlist on Sporcle, you need to verify the email address you used during registration. Go to your Sporcle Settings to finish the process.

Report this User

Report this user for behavior that violates our Community Guidelines.

Details: